000 00411nam a2200157 a 4500
005 20140310183207.0
008 030207s19uu xx 00 eng d
050 _aPZ 4
_b.H78Mau 1973
100 _aHooker, Richard
245 _aMash goes to Maine /
_cRichard Hooker.
260 _aNew York :
_bPocket books,
_c1973.
300 _a191 p. :
_c18 cm.
650 _aFiction
942 _cBK
_2lcc
999 _c20037
_d20037